Most Visited Tourist Attractions in France - Statistics

General Stats
  • This quiz has been taken 106 times
  • The average score is 6 of 20
Answer Stats
visitors hint attraction % Correct
6.2 mil Paris Eiffel Tower
95%
8.5 mil Paris Louvre Museum
90%
6.0 mil near Paris Palace of Versailles
72%
1.2 mil Paris Arc de Triomphe
55%
10.5 mil Paris Basilique du Sacré-Coeur
50%
1.0 mil Normandy Mont Saint-Michel
39%
13.6 mil Paris Notre Dame de Paris
38%
0.4 mil old fortified town Carcassonne
35%
2.9 mil Paris Musée d'Orsay
26%
3.6 mil Paris Centre Pompidou
23%
0.6 mil Metz Centre Pompidou-Metz
23%
0.7 mil Metz Metz Cathedral
23%
0.7 mil Loire Valley Château de Chambord
22%
0.6 mil Grenoble Bastille (Grenoble)
14%
0.8 mil Marseille Notre-Dame de la Garde
14%
0.5 mil volcano Puy de Dôme
13%
1.3 mil Paris Musée du quai Branly
5%
0.7 mil Paris Sainte-Chapelle
5%
0.4 mil Paris Musée Picasso
2%
0.5 mil by German border Château du Haut-Kœnigsbourg
1%
No matching quizzes found
Score Distribution
Percent of People with Each Score
Percentile by Number Answered
Your Score History
You have not taken this quiz